| 000 | 02367cam a2200349 a 4500 | ||
|---|---|---|---|
| 003 | EG-GiCUC | ||
| 005 | 20250223032926.0 | ||
| 008 | 220305s2021 ua f m 000 0 spa d | ||
| 040 |
_aEG-GiCUC _beng _cEG-GiCUC |
||
| 041 | 0 | _aspa | |
| 049 | _aDeposite | ||
| 097 | _aM.A | ||
| 099 | _aCai01.02.16.M.A.2021.Sa.V | ||
| 100 | 0 | _aSalma Mohamed Samir Abdelaziz Ghoneim | |
| 245 | 1 | 0 |
_aViolencia de Género en los divinos de Laura Restrepo Estudio literario-lingüístico / _cSalma Mohamed Samir Abdelaziz Ghoneim ; Supervised Rasha Mohamed Abboudy , Mervat Ibrahim |
| 246 | 1 | 5 |
_aالعنف الجندرى فى رواية الإلهيون للكاتبة لورا ريستريبو : _bدراسة أدبية- لغوية |
| 260 |
_aCairo : _bSalma Mohamed Samir Abdelaziz Ghoneim , _c2021 |
||
| 300 |
_a151 P. ; _c25cm |
||
| 502 | _aThesis (M.A.) - Cairo University - Faculty of Arts - Department of Spanish | ||
| 520 | _aThe present study offers a literary-linguistic analysis of the theme of gender violence in the novel The Divines (2018) by the Colombian writer, Laura Restrepo through an interdisciplinary approach.Therefore, we will analyze the different degrees of gender violence starting from the reification of the feminine figure up to the Infanticide.The novel is based on a true story that deals with the kidnapping, torture, rape and murder of a seven-yearold girl in Colombia. First, a literary analysis of the phenomenon of gender violence will be made and its relationship with sub-themes such as: misogyny, femicide, double discrimination, narcissism and the psychological development of the aggressor and its relationship with the main topic.Second, a critical linguistic analysis of the discourse will be carried out to analyze the stylistic and pragmatic figures used by the author to reflect the intensity and atrocity of the mentioned themes. Finally, we will deduce the global vision of the author and the message she wants to convey in her novel | ||
| 530 | _aIssued also as CD | ||
| 650 | 0 | _aViolencia | |
| 653 | _aColombian Narconovela | ||
| 653 | _aGender Violence | ||
| 653 | _aLaura Restrepo | ||
| 700 | 0 |
_aMervat Ibrahim , _eSupervisor |
|
| 700 | 0 |
_aRasha Mohamed Abboudy , _eSupervisor |
|
| 856 | _uhttp://172.23.153.220/th.pdf | ||
| 905 |
_aNazla _eRevisor |
||
| 905 |
_aShimaa _eCataloger |
||
| 942 |
_2ddc _cTH |
||
| 999 |
_c84413 _d84413 |
||